<?xml version="1.0" encoding="UTF-8"?>
<record
    xmlns:xsi="http://www.w3.org/2001/XMLSchema-instance"
    xsi:schemaLocation="http://www.loc.gov/MARC21/slim http://www.loc.gov/standards/marcxml/schema/MARC21slim.xsd"
    xmlns="http://www.loc.gov/MARC21/slim">

  <leader>00895nam a2200145   4500</leader>
  <controlfield tag="007">709.861 T147a</controlfield>
  <controlfield tag="008">9789585767133</controlfield>
  <datafield tag="082" ind1=" " ind2=" ">
    <subfield code="a">709.861</subfield>
    <subfield code="b">T147a</subfield>
  </datafield>
  <datafield tag="100" ind1=" " ind2=" ">
    <subfield code="a">Guti&#xE9;rrez-Casta&#xF1;eda, David et al</subfield>
    <subfield code="9">6652</subfield>
  </datafield>
  <datafield tag="245" ind1=" " ind2=" ">
    <subfield code="a">Arte y disidencia pol&#xED;tica:</subfield>
    <subfield code="b">memorias del Taller 4 Rojo</subfield>
  </datafield>
  <datafield tag="260" ind1=" " ind2=" ">
    <subfield code="a">Colombia</subfield>
    <subfield code="b">Taller Historia Cr&#xED;tica del Arte</subfield>
    <subfield code="c">2016</subfield>
  </datafield>
  <datafield tag="300" ind1=" " ind2=" ">
    <subfield code="a">548 p.</subfield>
    <subfield code="b">ill (col)</subfield>
    <subfield code="c">23 x 17 cm</subfield>
  </datafield>
  <datafield tag="505" ind1=" " ind2=" ">
    <subfield code="t">Agradecimientos</subfield>
    <subfield code="t">Introducci&#xF3;n</subfield>
    <subfield code="t">Siete tesis sobre el Taller 4 Rojo</subfield>
    <subfield code="t">(uno) Trayectorias</subfield>
    <subfield code="t">(dos) Fundaciones</subfield>
    <subfield code="t">(tres) Procesos - Activismos po&#xE9;tico pol&#xED;tico</subfield>
    <subfield code="t">(cuatro) Los movimientos sociales y pol&#xED;ticos</subfield>
    <subfield code="t">(cinco) La Universidad Nacional - La docencia</subfield>
    <subfield code="t">(seis) Disensos y disoluci&#xF3;n </subfield>
    <subfield code="t">&#xCD;ndice alfab&#xE9;tico</subfield>
    <subfield code="t">Entrevista a: Carlos Granada, Diego Arango, Umberto Giangrandi, Jorge Mora, Fabio Rodr&#xED;guez Amaya</subfield>
  </datafield>
  <datafield tag="650" ind1=" " ind2=" ">
    <subfield code="x">Arte contempor&#xE1;neo</subfield>
    <subfield code="x">Colombia</subfield>
    <subfield code="x">Cr&#xED;tica e interpretaci&#xF3;n</subfield>
    <subfield code="x">arte y pol&#xED;tica</subfield>
    <subfield code="9">6653</subfield>
  </datafield>
  <datafield tag="999" ind1=" " ind2=" ">
    <subfield code="c">1606</subfield>
    <subfield code="d">1606</subfield>
  </datafield>
  <datafield tag="952" ind1=" " ind2=" ">
    <subfield code="0">0</subfield>
    <subfield code="1">0</subfield>
    <subfield code="2">ddc</subfield>
    <subfield code="4">0</subfield>
    <subfield code="7">0</subfield>
    <subfield code="a">LV</subfield>
    <subfield code="b">LV</subfield>
    <subfield code="c">Pensamiento</subfield>
    <subfield code="d">2018-09-06</subfield>
    <subfield code="l">0</subfield>
    <subfield code="o">709.861 T147a</subfield>
    <subfield code="p">002285</subfield>
    <subfield code="r">2018-09-06 00:00:00</subfield>
    <subfield code="w">2018-09-06</subfield>
    <subfield code="y">01</subfield>
  </datafield>
</record>
